00262nam a2200121Ia 4500008004100000100001700041245001900058260002100077300000800098650001000106942000700116999001700123190216s9999||||xx |||||||||||||| ||und|| aDivedi Akhel 0aHindi-Nayi Mam bAnupam Prakashan a127 aHindi cBK c16159d16159